[Event "Zuerich/Bern m"]
[Site "Bern"]
[Date "1996.??.??"]
[Round "6"]
[White "Kortschnoj, Viktor Lvovich"]
[Black "Brunner, Lucas"]
[Result "1-0"]
[WhiteElo "2645"]
[BlackElo "2510"]
[Annotator "Ftacnik,L"]
[PlyCount "85"]
[EventDate "1996.02.??"]
[EventType "match"]
[EventRounds "6"]
[EventCountry "SUI"]
[SourceTitle "CBM 052"]
[Source "ChessBase"]
[SourceDate "1996.06.01"]
[SourceVersion "1"]
[SourceVersionDate "1996.06.01"]
[SourceQuality "1"]

1. c4 c5 2. Nf3 Nf6 3. Nc3 d5 4. cxd5 Nxd5 5. d4 Nxc3 6. bxc3 g6 7. e4 Bg7 8.
Rb1 O-O 9. Be3 cxd4 10. cxd4 Qa5+ 11. Qd2 Qxd2+ 12. Kxd2 Nc6 13. Bd3 Rd8 14. d5
Na5 15. Ke2 f5 16. Rhc1 b6 (16... fxe4 17. Bxe4 Bf5 18. Bxf5 gxf5 19. Rb5 b6
20. Nh4 (20. Rc7 Bf6 21. Bd4 $14) 20... Rf8 $14 {Sherbakov,R-Yandemirov,V/USSR/
1991/} 21. d6 e6 22. Bg5 Bf6 23. Bxf6 Rxf6 24. Rc7 Rd8 25. Rxa7 Rxd6 26. Nf3
Nc6 $14) 17. Rc7 fxe4 18. Bxe4 Bb7 (18... Ba6+ 19. Ke1 Bb7 20. Rbc1 Bf6 21. Ng5
Bxd5 22. h4 b5 23. Bxa7 Nc4 24. Rd1 Bxe4 {1/2-1/2 Tukmakov,V-Romanishin,O/
URS-ch49 Frunze/1981/}) 19. Rxe7 Bxd5 (19... Kf8 20. Rc7 Bxd5 21. Bxd5 Rxd5 22.
Rb4 $16) 20. Re8+ $5 (20. Bxd5+ Rxd5 21. Rc1 $14) 20... Kf7 (20... Rxe8 21.
Bxd5+ Kf8 22. Bxa8 Rxa8 23. Ng5 Kg8 (23... h6 24. Ne6+ Kf7 25. Nxg7 Kxg7 26.
Rc1 Rf8 27. Rc7+ Rf7 28. Bxh6+ $18) 24. Rc1 $16) 21. Rxd8 (21. Bxd5+ Kxe8 22.
Bxa8 Rxa8 23. Rc1 Rd8 24. Ng5 $16) 21... Rxd8 22. Ng5+ Ke7 (22... Kg8 23. Bxd5+
Rxd5 24. Rc1 Be5 25. f4 $16) 23. Bxd5 Rxd5 24. Nxh7 Nc4 (24... Rh5 25. Ng5 Rxh2
26. Rc1 Bb2 27. Rc7+ $16) 25. Bg5+ Ke6 26. Rc1 b5 27. h4 Rd4 28. g3 a5 (28...
b4 29. Be3 Nxe3 30. Ng5+ Ke7 31. fxe3 $16) 29. Bf4 b4 30. Ng5+ Kd5 (30... Kf5
31. Be3 Nxe3 32. fxe3 Rd6 33. Kf3 $18) 31. Be3 Nxe3 (31... Rg4 32. Rd1+ Kc6 33.
Bf4 $18) 32. fxe3 Rg4 (32... Rc4 33. e4+ Rxe4+ (33... Kc5 34. Ne6+ $18) 34.
Nxe4 Kxe4 35. Rc6 $18) 33. e4+ Kd4 (33... Kd6 34. Kf3 $18) 34. Ne6+ Ke5 35. Kf3
$1 (35. Nxg7 Rxg3 36. Rc5+ Kxe4 37. Rxa5 b3 $16) 35... Rxe4 (35... Rxg3+ 36.
Kxg3 Kxe6 37. Rc6+ Kf7 38. Ra6 $18) 36. Rc5+ Kxe6 37. Kxe4 a4 38. Rc6+ Kf7 39.
Ra6 a3 (39... b3 40. Rxa4 b2 41. Rb4 $18) 40. Kd3 Be5 41. g4 Bg3 42. h5 gxh5
43. gxh5 1-0

[Event "New York CITS"]
[Site "New York"]
[Date "1996.??.??"]
[Round "2"]
[White "Kortschnoj, Viktor Lvovich"]
[Black "Salov, Valery"]
[Result "1-0"]
[WhiteElo "2645"]
[BlackElo "2670"]
[PlyCount "79"]
[EventDate "1996.03.??"]
[EventType "tourn"]
[EventRounds "11"]
[EventCountry "USA"]
[EventCategory "13"]
[SourceTitle "CBM 052"]
[Source "ChessBase"]
[SourceDate "1996.06.01"]
[SourceVersion "1"]
[SourceVersionDate "1996.06.01"]
[SourceQuality "1"]

1. d4 Nf6 2. c4 e6 3. Nc3 Bb4 4. e3 c5 5. Bd3 Nc6 6. Nge2 cxd4 7. exd4 d5 8.
O-O dxc4 9. Bxc4 O-O 10. a3 Bxc3 11. bxc3 e5 12. Bg5 Qd6 13. Re1 Bg4 14. f3 Be6
15. Bxe6 fxe6 16. Bxf6 Rxf6 17. Ng3 Qc7 18. Ne4 Rh6 19. d5 exd5 20. Qxd5+ Qf7
21. Rad1 Rf8 22. c4 Rg6 23. Nc5 b6 24. Nd7 Rd8 25. h4 Re6 26. h5 Re7 27. Qxc6
Rexd7 28. Rxd7 Qxd7 29. Qxd7 Rxd7 30. Rxe5 Rd3 31. Re7 Rxa3 32. Kf2 Rc3 33.
Rxa7 Rxc4 34. Rb7 Rc6 35. g4 h6 36. Kg3 Kh7 37. Rb8 g5 38. hxg6+ Rxg6 39. Kh4
Rd6 40. f4 1-0

[Event "New York CITS"]
[Site "New York"]
[Date "1996.??.??"]
[Round "4"]
[White "Kortschnoj, Viktor Lvovich"]
[Black "Ashley, Maurice"]
[Result "1-0"]
[WhiteElo "2645"]
[BlackElo "2460"]
[PlyCount "71"]
[EventDate "1996.03.??"]
[EventType "tourn"]
[EventRounds "11"]
[EventCountry "USA"]
[EventCategory "13"]
[SourceTitle "CBM 052"]
[Source "ChessBase"]
[SourceDate "1996.06.01"]
[SourceVersion "1"]
[SourceVersionDate "1996.06.01"]
[SourceQuality "1"]

1. c4 Nf6 2. Nc3 e6 3. e4 d5 4. e5 d4 5. exf6 dxc3 6. bxc3 Qxf6 7. Nf3 Nc6 8.
d4 e5 9. Bg5 Qg6 10. d5 Nb8 11. Bd3 Bf5 12. Qa4+ Nd7 {At first in the
post-mortem it seemed that 12...Nd7 might have been an error, but no clear
refutation was found.} (12... c6 {was an interesting alternative.}) 13. O-O Bd6
14. Bxf5 Qxf5 15. c5 Bxc5 16. Nxe5 f6 17. g4 {Kortschnoj took a long time on
this move, and the game now becomes wild. It is by no means clear that Ashley
was in serious trouble, but precise defense was required and a few inaccurate
moves led to defeat.} Qxe5 18. Rae1 O-O-O 19. Rxe5 Nxe5 20. Be3 Bxe3 21. fxe3
Kb8 {White has an advantage, but it is not easy to exploit.} 22. Qd4 h6 $2 ({
Black needed to establish counterplay, and this could have been achieved with} 
22... c6 23. c4 cxd5 24. cxd5 Rc8 $1) 23. c4 Rhe8 24. c5 c6 25. d6 Re6 26. Qe4
Ree8 27. Rb1 Ka8 28. Qh7 Rd7 29. Rb4 Rb8 30. Kg2 b5 31. Re4 a5 32. Qf5 Rbb7 33.
Rxe5 fxe5 34. Qe4 Rd8 35. Qxc6 Kb8 36. Qa6 1-0

[Event "New York CITS"]
[Site "New York"]
[Date "1996.??.??"]
[Round "4"]
[White "Kortschnoj, Viktor Lvovich"]
[Black "De Firmian, Nick E"]
[Result "1-0"]
[WhiteElo "2645"]
[BlackElo "2595"]
[Annotator "Hecht,H"]
[PlyCount "93"]
[EventDate "1996.03.??"]
[EventType "tourn"]
[EventRounds "11"]
[EventCountry "USA"]
[EventCategory "13"]
[SourceTitle "CBM 052"]
[Source "ChessBase"]
[SourceDate "1996.06.01"]
[SourceVersion "1"]
[SourceVersionDate "1996.06.01"]
[SourceQuality "1"]

1. Nf3 c5 2. b3 d6 3. g3 e5 4. d3 g6 5. Bg2 Bg7 6. Bb2 Nc6 7. c4 Nge7 8. Nc3
O-O 9. O-O Rb8 10. e3 a6 11. Ne1 b5 12. Nc2 Be6 13. Nd5 f5 14. Bc3 Qd7 15. f4
Rbe8 16. Qd2 b4 17. Bb2 exf4 18. Bxg7 Kxg7 19. Nxf4 Bf7 20. d4 Qc7 21. Kh1 a5
22. Rad1 Rd8 23. Nd5 Nxd5 24. cxd5 Na7 25. dxc5 Qxc5 26. Rc1 Nb5 27. e4 fxe4
28. Ne3 Nc3 29. Ng4 Bxd5 30. Qh6+ Kg8 31. Nf6+ Rxf6 32. Rxf6 e3 33. Rcf1 Bxg2+
34. Kxg2 Qc6+ 35. R1f3 Qe8 36. Rf7 Qxf7 37. Rxf7 Kxf7 {D-TS: starke Dame gegen
zahlreiche schwache schwarze Bauern, wK-Flügel-Freibauern entscheiden} 38.
Qxh7+ Ke6 (38... Kf8 39. Qh6+) (38... Kf6 39. Qh4+ g5 40. Qd4+) 39. Qxg6+ Kd7
40. Qf7+ Kc6 (40... Kc8 41. Qe6+) 41. Qf3+ d5 (41... Nd5 42. Qe4 $1 Kc7 43.
Qxd5 Re8 44. Qc4+ Kb6 45. Kf3 d5 46. Qd4+ Kc6 47. Qxe3 $18) 42. Qxe3 d4 43. Qd3
Kb6 44. h4 Nxa2 45. h5 Rd6 46. h6 Rxh6 47. Qxd4+ 1-0

[Event "New York CITS"]
[Site "New York"]
[Date "1996.??.??"]
[Round "8"]
[White "Sunye Neto, Jaime"]
[Black "Kortschnoj, Viktor Lvovich"]
[Result "0-1"]
[WhiteElo "2505"]
[BlackElo "2645"]
[Annotator "ChessBase"]
[PlyCount "80"]
[EventDate "1996.03.??"]
[EventType "tourn"]
[EventRounds "11"]
[EventCountry "USA"]
[EventCategory "13"]
[SourceTitle "CBM 052"]
[Source "ChessBase"]
[SourceDate "1996.06.01"]
[SourceVersion "1"]
[SourceVersionDate "1996.06.01"]
[SourceQuality "1"]

1. c4 Nf6 2. Nf3 e6 3. b3 d5 4. Bb2 c5 5. e3 Nc6 6. a3 d4 7. exd4 Nxd4 8. Nxd4
cxd4 9. d3 e5 10. Be2 Bd6 11. O-O O-O 12. Nd2 Bf5 13. b4 b6 14. f4 exf4 15.
Bxd4 Re8 16. Nb3 a5 17. bxa5 bxa5 18. Bf2 Rb8 19. Bf3 Bd7 20. Nd2 Be5 21. Rb1
Bb2 22. c5 Bf5 23. Nc4 Bxd3 24. Nxb2 Bxb1 25. Qxd8 $2 (25. Qxb1 $142 $16) 25...
Rexd8 26. Rxb1 Rd2 27. c6 Rdxb2 28. Re1 h6 29. Ba7 Rc8 30. Bd4 Rb3 31. Bxf6
gxf6 32. Re7 Rxa3 33. Ra7 a4 34. Bd5 Rd3 35. Bxf7+ Kf8 36. Bc4 Rd1+ 37. Kf2
Rxc6 38. Rxa4 Rd4 39. Bb5 Rc2+ 40. Kf3 Rc3+ 0-1

[Event "New York CITS"]
[Site "New York"]
[Date "1996.??.??"]
[Round "11"]
[White "Kortschnoj, Viktor Lvovich"]
[Black "Waitzkin, Joshua"]
[Result "1-0"]
[WhiteElo "2645"]
[BlackElo "2435"]
[Annotator "Waitzkin,J"]
[PlyCount "69"]
[EventDate "1996.03.??"]
[EventType "tourn"]
[EventRounds "11"]
[EventCountry "USA"]
[EventCategory "13"]
[SourceTitle "CBM 052"]
[Source "ChessBase"]
[SourceDate "1996.06.01"]
[SourceVersion "1"]
[SourceVersionDate "1996.06.01"]
[SourceQuality "1"]

1. Nf3 d5 2. g3 c6 3. b3 Bg4 4. Bb2 Nd7 5. d3 Ngf6 6. Nbd2 e6 7. h3 $6 Bh5 (
7... Bxf3 $5 8. Nxf3 (8. exf3 e5 9. Qe2 Bd6 10. f4 $140 $6 O-O) 8... Ba3 $1 9.
Bc3 $10 (9. Bxa3 Qa5+ $10)) 8. g4 $6 Bg6 9. Nh4 Bd6 (9... a5 $5) 10. e3 O-O 11.
Qe2 Ne8 (11... a5 $5 12. f4 (12. a4) 12... a4 $1 (12... Ne8 13. Ndf3 Be7 14.
Qf2)) 12. Nxg6 fxg6 13. h4 a5 14. g5 (14. a4 $142) 14... Qe7 $6 (14... a4 $1
15. Qg4 Nc7 16. h5 a3 $2 (16... Qe8 $1 17. bxa4 $6 (17. a3 $6 axb3 18. cxb3) (
17. Rb1 axb3 18. axb3 Ra2 $15 (18... gxh5)) 17... Nc5) 17. Bc3 (17. hxg6 $4
axb2 18. Rxh7 bxa1=Q+ 19. Ke2 Rf5 $19) 17... Qe8 18. Rd1 $1 (18. h6 gxh6 19.
Rxh6 Nb5 20. Rxh7 $2 Nxc3 21. Qh4 Be5)) 15. a4 $1 (15. Qg4 Qf7 (15... Rf5)) (
15. h5 Qxg5 16. Nf3 Qh6 $1) 15... Nc7 16. Bh3 b5 $5 17. h5 (17. axb5 cxb5 18.
e4 $5) 17... Qxg5 18. Nf3 Qe7 (18... Qh6 $2 19. hxg6 $40) (18... Qxh5 $6 19.
Bxe6+ $1 Nxe6 20. Rxh5 gxh5 21. axb5 cxb5 $16) 19. hxg6 h6 20. Nd4 Ne5 (20...
bxa4 $5 21. Nxc6 Qe8 22. Rxa4 (22. Qh5 Nf6) 22... Nc5 23. Qh5 $5 Nxa4 24. Bxe6+
$5 Qxe6 (24... Nxe6 25. Bxg7) 25. Bxg7 Qf5 (25... Bg3 26. Qxh6) (25... Bf4 26.
Bxh6) 26. Qxh6 Qxf2+ 27. Kd1 Qf3+ 28. Kc1 Qxh1+ (28... Qxe3+ $2 29. Qxe3 Bf4
30. Ne7+ Kxg7 31. Rh7+ $18) 29. Qxh1 Kxg7 30. Qh7+ Kf6 31. g7 Ba3+ 32. Kd2 Rg8
$13) 21. axb5 (21. f4 $5 Nxg6 22. Nxc6 Qe8 (22... Qh4+ 23. Kd1) 23. Nd4 (23.
axb5 Nxb5 24. Qg4 Kh7 25. Rg1 Rc8)) 21... cxb5 22. Qh5 a4 (22... Qf6 23. O-O-O
a4 (23... Qxf2 24. Nxe6 Rf6 25. Kb1 $16) 24. f4 a3 (24... Nxg6 25. Nxe6 Ba3 26.
Bxa3 Qa1+ 27. Kd2 Qxa3 28. Nxc7 $18) 25. Bc3 $14) 23. f4 a3 $1 24. Bc3 (24.
Bxa3 $6 Nxd3+ $1 25. cxd3 Bxa3) 24... Nd7 25. Bxe6+ $3 (25. Nxe6 $6 Nf6 (25...
Nxe6 $142 26. Qxd5 Rfe8 27. f5 Bb4 $1) 26. Bxf6 Qxf6 27. Nxc7 (27. Ke2) 27...
Qxa1+ 28. Ke2 Qxh1 29. Be6+ Kh8 30. Qxh1 Bxc7 31. Bxd5 Ra6 $14) 25... Nxe6 26.
Qxd5 Ndc5 (26... Rae8 $4 27. Nc6) (26... Rfe8 27. Nf5) 27. b4 Na4 28. Bd2 Rae8
29. f5 Qg5 $2 (29... Bxb4 $142 30. Qxe6+ Qxe6 31. fxe6 $14) 30. Nxe6 Qg3+ 31.
Kd1 Nb6 $4 (31... Qe5 32. Qa2 $18 Rxf5 33. Nc7+) (31... Qg4+ 32. Kc1 Rxf5 33.
Qxd6 Qxg6 34. Qd7 (34. Nxg7 $5 Qxd6 35. Nxf5 Qe5 36. Nd4 $36) 34... Rxe6 (34...
Qxe6 35. Qxe6+ Rxe6 36. Rxa3 $16) 35. Rxa3 Qf6 $16) 32. Qe4 $18 Qf2 33. Rxa3
Rxf5 34. Ra7 Be5 35. Nxg7 1-0

[Event "Madrid"]
[Site "Madrid"]
[Date "1996.05.11"]
[Round "4"]
[White "San Segundo Carrillo, Pablo"]
[Black "Kortschnoj, Viktor Lvovich"]
[Result "0-1"]
[WhiteElo "2535"]
[BlackElo "2645"]
[Annotator "Ftacnik,L"]
[PlyCount "68"]
[EventDate "1996.05.08"]
[EventType "tourn"]
[EventRounds "9"]
[EventCountry "ESP"]
[EventCategory "17"]
[SourceTitle "CBM 053"]
[Source "ChessBase"]
[SourceDate "1996.08.01"]
[SourceVersion "1"]
[SourceVersionDate "1996.08.01"]
[SourceQuality "1"]

1. d4 Nf6 2. c4 e6 3. Nf3 Bb4+ 4. Nbd2 b6 5. a3 Bxd2+ 6. Bxd2 Bb7 7. Bg5 d6 8.
e3 Nbd7 9. Bh4 O-O 10. Bd3 c5 11. O-O cxd4 12. exd4 (12. Nxd4 Ne5 $132) 12...
d5 13. cxd5 (13. Re1 dxc4 14. Bxc4 Qc7 15. Rc1 Rfc8 $1 (15... Rac8 16. Bg3 Qd8
17. Qd3 $14) 16. Rc3 (16. Rxe6 $2 b5 $1 17. Re8+ Nxe8 18. Bxf7+ Kxf7 19. Rxc7
Rxc7 $17) 16... Qd6 17. Bg3 Qf8 18. Qd3 a6 19. Ng5 b5 20. Ba2 Rxc3 21. Qxc3 Bd5
22. Bb1 Rc8 $10 {Karpov,An-Andersson,U/Skelleftea/1989/1-0 (68)}) 13... Bxd5
14. Qe2 Bb7 15. Rad1 Rc8 16. Ne5 Qc7 17. Rfe1 (17. Bg3 Nxe5 18. dxe5 Qc6 19. f4
Ne4 $13) 17... Nd5 18. Bg3 (18. Qh5 N7f6 19. Qg5 Ne7 20. f3 Ng6 21. Bf2 Nd5 22.
Qd2 Qe7 23. Bg3 Rfd8 24. Ng4 Rd7 25. h3 Qd8 {1/2-1/2 Karpov,An-Andersson,U/
Biel (11)/1990/ (57)}) 18... Qd8 19. Nxd7 (19. Rc1 $10) 19... Qxd7 20. Be5 Ne7
$1 21. Qh5 (21. Qg4 f6 22. Bf4 Nd5 23. Bd2 Rfe8 $10) 21... f5 (21... Ng6 22.
Re3 $40) 22. Re3 Qd5 23. Bf1 (23. Rg3 Rf7 (23... Ng6 24. Rxg6 hxg6 25. Qxg6 Qd7
26. Re1 Qf7 $10)) 23... Rf7 24. Rh3 h6 (24... g6 25. Qg5 $40 Nc6 $2 26. Qxg6+
$18) 25. Rg3 (25. Rc3 Rxc3 26. bxc3 Qb3 27. c4 Ba6 $15) 25... f4 $1 26. Rg4 $6
(26. Rf3 $2 Rf5 27. Qg4 Rxe5 28. dxe5 Qxd1 29. Qxe6+ Kh7 $19) (26. Rc3 Rxc3 27.
bxc3 f3 $40) 26... Nc6 27. Re1 (27. Rc1 $5 Nxe5 (27... Nxd4 $6 28. Rxc8+ Bxc8
29. Rxg7+ Rxg7 30. Qe8+ Kh7 31. Bxg7 Kxg7 32. Qxc8 f3 33. h3 $14) 28. Rxc8+
Bxc8 29. dxe5 f3 $15) 27... Nxe5 28. Rxe5 (28. dxe5 Qd2 $1 (28... Rc2 29. Rd1
Qxd1 30. Rxg7+ Rxg7 31. Qxd1 Be4 32. f3 $14) 29. Rd1 Qc2 $15) 28... Qxd4 29.
Rxe6 Rc1 30. Re8+ (30. Qb5 Qd7 31. Re8+ Kh7 $19) 30... Rf8 31. Rxf8+ Kxf8 32.
Qb5 (32. Qf5+ Ke7 33. Qb5 (33. Rxf4 Rxf1+ 34. Kxf1 Qd1#) 33... g5 $19) 32... a6
33. Qe2 g5 34. g3 (34. h4 Bd5 35. b3 Bxb3 36. Qxa6 Qc4 $19) 34... Qd5 0-1

[Event "Politiken Cup 18th"]
[Site "Copenhagen"]
[Date "1996.??.??"]
[Round "2"]
[White "Antonsen, Mikkel"]
[Black "Kortschnoj, Viktor Lvovich"]
[Result "0-1"]
[WhiteElo "2410"]
[BlackElo "2645"]
[Annotator "Kortschnoj,V"]
[PlyCount "50"]
[EventDate "1996.06.??"]
[EventType "swiss"]
[EventRounds "11"]
[EventCountry "DEN"]
[SourceTitle "CBM 054"]
[Source "ChessBase"]
[SourceDate "1996.10.01"]
[SourceVersion "1"]
[SourceVersionDate "1996.10.01"]
[SourceQuality "1"]

1. e4 c6 2. d4 d5 3. e5 Bf5 4. Nc3 e6 5. g4 Bg6 6. Nge2 f6 7. Nf4 fxe5 8. Nxg6
(8. dxe5 Bf7 9. Qe2 $14) 8... hxg6 9. dxe5 Nd7 10. Bf4 Bb4 $146 (10... Bc5) (
10... Qb6 $5 11. Bd3 O-O-O $13) 11. Bd3 Ne7 12. O-O Qc7 13. Ne2 (13. Re1 O-O
14. Bg3 d4 15. a3 Ba5 16. b4 dxc3 17. bxa5 Nc5 $13) (13. Qe2 $5) 13... Nxe5 14.
Nd4 Bd6 15. Re1 Nxd3 16. Nxe6 Qb8 (16... Nxf4 17. Nxc7+ Bxc7 18. Qd4 Kf7 19.
Rxe7+ Kxe7 20. Qxg7+ Kd6 21. Qf6+ Kc5 22. Qe7+ Kb6 23. Qb4+ $10) 17. Bxd6 Qxd6
18. Qxd3 Qxh2+ 19. Kf1 Qd6 20. Qf3 Kd7 21. Re3 $6 (21. b4 $1 b6 22. c4 $44)
21... Rae8 22. Rae1 Kc8 23. Ng5 $2 (23. Qf7 d4 24. Nxd4 (24. Re5 Nd5 $2 25. Nc5
$1 $18) (24. Re5 d3 $1 25. Nxg7 d2 26. Nxe8 Qxe5 $1 $19) 24... Qxd4 25. Rxe7
Rh1+ 26. Ke2 Qxg4+ $17) (23. Qg3 Qxg3 24. fxg3 Rh1+ 25. Ke2 Rxe1+ 26. Kxe1 Ng8
$17) (23. c3 $5) 23... Qf6 24. Qxf6 gxf6 25. Rxe7 $4 (25. Ne6 $142) 25... Rh1+
0-1

[Event "Politiken Cup 18th"]
[Site "Copenhagen"]
[Date "1996.??.??"]
[Round "5"]
[White "Kortschnoj, Viktor Lvovich"]
[Black "Hellsten, Johan"]
[Result "1-0"]
[WhiteElo "2645"]
[BlackElo "2475"]
[Annotator "Kortschnoj,V"]
[PlyCount "87"]
[EventDate "1996.06.??"]
[EventType "swiss"]
[EventRounds "11"]
[EventCountry "DEN"]
[SourceTitle "CBM 054"]
[Source "ChessBase"]
[SourceDate "1996.10.01"]
[SourceVersion "1"]
[SourceVersionDate "1996.10.01"]
[SourceQuality "1"]

1. c4 c6 2. Nf3 d5 3. d4 Nf6 4. Nc3 dxc4 5. a4 Bg4 6. Ne5 Bh5 7. Nxc4 e6 8. Qb3
Na6 9. e4 Bb4 (9... Nb4 10. Be3 $14 (10. Bf4 $5)) 10. f3 Nxe4 $5 $146 (10...
Qxd4 11. Bf4 $44) 11. fxe4 Qh4+ 12. g3 Qxe4+ 13. Kf2 Qxd4+ 14. Be3 Qf6+ 15. Kg1
Bf3 16. Bg2 Bd5 17. Na2 $6 (17. Nd6+ $1 Bxd6 18. Qxb7 Nc7 19. Bxd5 cxd5 20. Nb5
O-O 21. Nxd6 $16) 17... Qe7 18. Nxb4 Nxb4 19. Qc3 O-O 20. Bd2 Bxg2 21. Kxg2 Nd5
$14 22. Qc2 f6 23. Rhe1 e5 24. Re4 Qe6 25. Rae1 Rf7 26. Kg1 Rd8 27. R1e2 Rfd7
28. Be1 Ne7 29. g4 Ng6 30. Bg3 Rd4 31. h3 Rd3 32. R4e3 R3d4 33. b3 Qd5 34. Nb2
Nf4 (34... Rd2 35. Rxd2 Qxd2 36. Re2 Qxc2 37. Rxc2 $14) 35. Bxf4 Rxf4 36. Nd3
Rd4 37. Nf2 Qa5 $2 (37... Rd2 $14) 38. g5 $1 $18 Rd2 39. Qc4+ Kh8 40. gxf6 gxf6
41. Qf7 Rg8+ 42. Kh2 Rd6 43. Ne4 Qb4 44. Rf3 1-0

[Event "Politiken Cup 18th"]
[Site "Copenhagen"]
[Date "1996.??.??"]
[Round "9"]
[White "Kortschnoj, Viktor Lvovich"]
[Black "Tisdall, Jonathan D"]
[Result "1-0"]
[WhiteElo "2645"]
[BlackElo "2510"]
[Annotator "Ribli,Z"]
[PlyCount "51"]
[EventDate "1996.06.??"]
[EventType "swiss"]
[EventRounds "11"]
[EventCountry "DEN"]
[SourceTitle "CBM 054"]
[Source "ChessBase"]
[SourceDate "1996.10.01"]
[SourceVersion "1"]
[SourceVersionDate "1996.10.01"]
[SourceQuality "1"]

1. c4 {Chekhov} e6 2. Nf3 Nf6 3. g3 a6 {Das ist eine Lieblingsvariante von GM
Romanishin.} 4. Bg2 b5 5. b3 Bb7 $6 (5... c5 $5) 6. Nc3 bxc4 (6... b4) (6... b4
7. Na4 d6 (7... Be7 {Chekhov} 8. d4 O-O 9. O-O d6 10. Be3 (10. Nb2 Nbd7 11. Nd3
a5 12. Bb2 c5 13. e3 Qb6 $10 {Kasparov,G-Korchnoi,V/Brussels/1987/0,5/51/})
10... Nbd7 11. Rc1 Nb6 12. Nxb6 cxb6 13. Ne1 Bxg2 14. Nxg2 d5 15. Qd3 a5 16. f3
$14 {Vaganian,R-Tolnai,T/Saint John/1988/1|0/47/}) 8. d4 Nbd7 9. a3 a5 10. O-O
Be7 11. Ne1 Bxg2 12. Kxg2 Qb8 13. Nd3 $14 {Krivonosov,O-Berzinsh,R/LAT-ch/1994/
CBM41/}) (6... Bb4 $6 {Chekhov} 7. Bb2 O-O 8. O-O d6 9. Qc2 Nbd7 10. cxb5 Bxc3
11. Qxc3 axb5 12. Rfc1 c5 13. d4 Qb6 14. dxc5 Nxc5 15. Qe3 $16 {Pigusov,
E-Hodgson,J/Sochi/1987/1|0/47/}) (6... c5 $5 {Chekhov} 7. cxb5 axb5 8. Nxb5 d5
9. O-O Nc6 10. d3 Be7 11. Nc3 O-O 12. d4 Qa5 13. Bb2 cxd4 14. Nxd4 Qb6 15. Nf3
Rfb8 $44 {Goldin,A-Lugovoi,A/RUS(ch)/1995/0,5/31/}) (6... c6 {Chekhov} 7. O-O
d5 8. d4 Nbd7 9. c5 b4 10. Na4 a5 11. a3 bxa3 12. Bxa3 Be7 13. Nd2 $14 {
Cvitan,O-Georgiev,Kir/Vrsac/1987/1|0/43/}) 7. bxc4 c5 8. Rb1 Bc6 9. O-O Be7 10.
Qc2 $1 (10. Re1 d6 11. e4 e5 12. d3 O-O 13. Re2 Bd7 14. Reb2 $14 {Dizdarevic,
E-Cebalo,M/Budva ch-YU/1986/INF42,08/} (14. Reb2 {Chekhov} Nc6 15. Nd2 Nd4 16.
Nf1 Bc6 17. Ne3 Qd7 18. Ned5 Bd8 19. Qf1 $36 {Dizdarevic,E-Cebalo,M/Budva/1986/
1|0/53/})) 10... O-O $6 (10... d6 $142 11. e4 e5 {Weiß hat eine aktive
Stellung, dennoch sollte Schwarz so fortsetzen.}) 11. e4 Ra7 12. d4 cxd4 13.
Nxd4 {Das ist ein grosser Erfolg fuer Weiss: Er konnte e4 durchsetzen, ohne
den g2-Läufer zu tauschen.} Ba8 14. Rd1 {Es droht 15.e5 und wenn 15...Ng4 16.
Bxa8 Rxa8 17.Qe4 mit Doppelangriff.} Ng4 (14... Nc6 $2 {Chekhov} 15. Nxc6 Bxc6
16. e5 Bxg2 17. exf6 $18) (14... Qc8 {Chekhov} 15. e5 Ne8 (15... Bxg2 16. exf6
$18) (15... Ng4 16. Qe2 $18) 16. Bxa8 Rxa8 17. Ne4 $36) (14... Qc7 $5) 15. Qe2
$16 Ne5 16. f4 Nec6 17. Nb3 {Weiß hat großen Vorteil. In solchen Stellungen zu
tauschen, ist nicht zu empfehlen.} Bb4 18. Be3 {Eine weitere Feinheit, wenn 18.
..Bxc3 19.Bxa7 Nxa7 20.Qe3.} Rb7 (18... Bxc3 19. Bxa7 Nxa7 20. Qe3 $18) 19. Na4
Na5 20. Nac5 Rc7 21. Nd3 Nxb3 (21... Rxc4 22. Nxb4 Rxb4 23. Bc5) 22. axb3 Qe7 (
22... Be7 {Chekhov} 23. Bb6 $18) (22... Rb7 {Chekhov} 23. Nxb4 Rxb4 24. Bc5 $18
) 23. Qf2 f5 {Eventuell etwas besser war 23...a5 /\ Na6.} 24. Bb6 Rcc8 (24...
fxe4 {Chekhov} 25. Nxb4 $18) 25. c5 {25...a5 bietet noch kleine Chancen zum
Überleben, aber nach 26.Nxb4 axb4 27.c6 Rxc6 28.exf5 besitzt Weiß Vorteil.} Bc3
$4 (25... Ba3 {Chekhov} 26. Ra1 fxe4 27. Rxa3 exd3 28. Bxa8 $18) 26. Rbc1 {
Und Schwarz verliert eine Figur. Ribli} (26. Rbc1 {Chekhov} Bf6 27. e5 $18) 1-0

[Event "Politiken Cup 18th"]
[Site "Copenhagen"]
[Date "1996.??.??"]
[Round "11"]
[White "Kortschnoj, Viktor Lvovich"]
[Black "Kogan, Artur"]
[Result "1-0"]
[WhiteElo "2645"]
[BlackElo "2485"]
[Annotator "Chekhov,V"]
[PlyCount "79"]
[EventDate "1996.06.??"]
[EventType "swiss"]
[EventRounds "11"]
[EventCountry "DEN"]
[SourceTitle "CBM 054"]
[Source "ChessBase"]
[SourceDate "1996.10.01"]
[SourceVersion "1"]
[SourceVersionDate "1996.10.01"]
[SourceQuality "1"]

1. d4 Nf6 2. Nf3 e6 3. g3 b6 4. Bg2 Bb7 5. O-O c5 6. c4 cxd4 7. Qxd4 Bc5 (7...
d6 $5) 8. Qf4 Nc6 9. Nc3 Ne7 (9... O-O $5 10. Rd1 Ne7 11. g4 Ng6 12. Qg3 Ne4
13. Nxe4 Bxe4 14. Ng5 Bxg2 15. Kxg2 Be7 16. Nf3 a6 17. Be3 d6 18. Rac1 Qc7 $10
{Dzuban,O-Petrosian,T/Moscow/1979/0,5/31/}) 10. Ng5 Bxg2 11. Kxg2 O-O (11...
Qc8 12. Nce4 Qc6 13. f3 $16) (11... Ng6 $5 12. Qd2 (12. Qf3 Ne5 13. Qf4 Ng6 $10
) 12... Qc8 13. Nge4 Nxe4 14. Nxe4 Qc6 15. f3 Be7 16. b3 Rd8 17. Bb2 d5 18.
cxd5 Rxd5 19. Qe3 O-O 20. Rac1 Qd7 $132) 12. Rd1 Ng6 13. Qd2 Qc8 14. Nge4 Be7
15. b3 d5 (15... Rd8 16. Bb2 $14) 16. cxd5 Nxe4 17. Nxe4 exd5 18. Ng5 (18. Qxd5
$4 Rd8 $19) (18. Nc3 Bb4 19. Bb2 Rd8 20. a3 Bxc3 21. Qxc3 Qxc3 22. Bxc3 Rac8
23. Rac1 f6 $14) 18... Bf6 (18... Qg4 $5 19. h3 (19. Nf3 Bf6 20. Bb2 Bxb2 21.
Qxb2 Nf4+ 22. Kg1 Nh3+ 23. Kf1 Ng5 24. Nxg5 Qxg5 25. Qd4 Rad8 $14) 19... Bxg5
20. hxg4 Bxd2 21. Rxd2 Rfd8 22. Ba3 Rac8 23. Rad1 h6 $14) 19. Bb2 Bxb2 20. Qxb2
Qg4 21. Nf3 Nf4+ 22. Kh1 Nh3 23. Rf1 Rae8 (23... Rfe8 $5) 24. Rad1 f5 (24...
Qe4 25. Kg2 $1 Qg4 26. e3 $16) 25. Rxd5 Re6 (25... f4 26. Qd2 fxg3 27. fxg3 $16
) 26. Qd2 Rfe8 27. Rd8 Rxe2 28. Rxe8+ Rxe8 29. Kg2 h6 30. Nh4 Ng5 31. Qd5+ Kh7
32. Qxf5+ Qxf5 33. Nxf5 Re2 34. h4 Ne6 (34... Ne4 35. Kf3 Nc3 36. Rc1 Nxa2 37.
Rc7 $16) 35. Ra1 Nc5 (35... g6 $5 36. Ne3 h5) 36. Kf3 Rb2 37. Ke3 (37. h5 $5)
37... a5 38. h5 a4 39. bxa4 Nxa4 40. Rd1 (40. Rd1 Nc5 (40... Rxa2 41. Rd7 $18)
41. Rd2 Rb4 42. Rd6 Ra4 43. Rg6 $18) 1-0